| 000 | 00455nam a2200169 i 4500 | ||
|---|---|---|---|
| 001 | 107557 | ||
| 003 | ES-MaACL | ||
| 005 | 20230906184439.0 | ||
| 007 | t| | ||
| 008 | 061121s1932 fr r ||||1| fre d | ||
| 100 | 1 |
_aMoreau, Pierre. _983213 |
|
| 245 | 1 | 3 |
_aLe classicisme des romantiques / _cPierre Moreau. |
| 260 |
_aParĂs : _bLibraire Plon, _c1932. |
||
| 300 |
_aIII, 409 p. ; _c23. |
||
| 650 | 4 |
_aRomanticismo. _916943 |
|
| 852 |
_aES-MaACL _jA-2964 |
||
| 999 |
_c107557 _d107557 |
||